Fisiología respiratoria. (Registro nro. 1609)

Detalles MARC
000 -LEADER
fixed length control field 00901nam a2200289 a 4500
008 - CAMPO DE CONTROL (LIBRO)
fixed length control field 130801t2012 sp ||||| |||| 001 0 spa d
020 ## - INTERNATIONAL STANDARD BOOK NUMBER
ISBN 9788415419600
041 ## - CODIGO DE IDIOMA
Código de idioma del texto/pista de sonido o título separado spa
092 ## - SIGNATURA TOPOGRAFICA DEWEY LOCAL
número de clasificación 612.2
libristica 95
sección WES
100 1# - ENTRADA PRINCIPAL--NOMBRE PERSONAL
Nombre personal West, John B.
9 (RLIN) 410
245 ## - TITULO PROPIAMENTE DICHO
Título Fisiología respiratoria.
Subtítulo y Título paralelo Fundamentos /
Mención de responsabilidad y remanente de la transcripción de la portada John B. West
250 ## - MENCION DE EDICION
Mención de edición 9a ed.
260 ## - PIE DE IMPRENTA
Lugar de publicación, distribución, etc Barcelona:
Nombre de la editorial, distribuidor, etc Lippincott;
Fecha de publicación 2012.
300 ## - DESCRIPCION FISICA
Extension 200 p.
500 ## - NOTA GENERAL
Nota general West, J. B. (2012). Fisiología respiratoria. Fundamentos. (9a ed.). Barcelona : Lippincott.
653 ## - TÉRMINO INDIZADO - PALABRAS CLAVES
Palabra clave Fisiologia
653 ## - TÉRMINO INDIZADO - PALABRAS CLAVES
Palabra clave Ventilacion
653 ## - TÉRMINO INDIZADO - PALABRAS CLAVES
Palabra clave Difusion
653 ## - TÉRMINO INDIZADO - PALABRAS CLAVES
Palabra clave Flujo sanguineo y metabolismo
653 ## - TÉRMINO INDIZADO - PALABRAS CLAVES
Palabra clave Ventilacion y perfusion
653 ## - TÉRMINO INDIZADO - PALABRAS CLAVES
Palabra clave Transporte de gases en sangre
653 ## - TÉRMINO INDIZADO - PALABRAS CLAVES
Palabra clave Mecanica de la respiracion
653 ## - TÉRMINO INDIZADO - PALABRAS CLAVES
Palabra clave Control de la ventilacion
653 ## - TÉRMINO INDIZADO - PALABRAS CLAVES
Palabra clave Aparato respiratorio y estres
653 ## - TÉRMINO INDIZADO - PALABRAS CLAVES
Palabra clave Pruebas funcionales
942 ## - ADDED ENTRY ELEMENTS (KOHA)
Source of classification or shelving scheme Dewey Decimal Classification
Item type Libros
Existencias
Estado de retiro Existencia Fuente de clasificación Estado general No para prestamo Colección Ubicación permanente ubicación actual Sala de ubicación Fecha de adquisición Fuente de adquisición Costo, precio normal de compra Total Checkouts Número de clasificación Código de barras Date last seen Date last borrowed Número de ejemplar Price effective from Koha tipo de elemento (item) Public note Coded location qualifier Total Renewals Checked out
    Dewey Decimal Classification     Reference Biblioteca Medicina Biblioteca Medicina Referencia 01/08/2013 Promed 267.75 3 612.2 95 WES 3115 07/10/2019 04/10/2019 Ej. 1 01/08/2013 Reference PROMED 2do año LIBRO DE CONSULTA. Sede Tordos.      
    Dewey Decimal Classification     Non-fiction Biblioteca Medicina Biblioteca Medicina Circulación 01/08/2013 Promed 267.75 43 612.2 95 WES 3116 16/10/2025 09/10/2025 Ej. 2 01/08/2013 Libros PROMED 2do año. Sede Tordos.   2  
    Dewey Decimal Classification     Non-fiction Biblioteca Medicina Biblioteca Medicina Circulación 01/08/2013 Promed 267.75 33 612.2 95 WES 3117 05/06/2026 05/06/2026 Ej. 3 01/08/2013 Libros PROMED 2do año. Sede Tordos.   3 12/06/2026
    Dewey Decimal Classification     Non-fiction Biblioteca Medicina Biblioteca Medicina Circulación 07/10/2015 PROMED 558.00 28 612.2 95 WES 3593 04/03/2026 02/12/2025 Ej. 4 07/10/2015 Libros PROMED 3ER AÑO. Sede Tordos.   2  
    Dewey Decimal Classification     Non-fiction Biblioteca Medicina Biblioteca Medicina Circulación 07/10/2015 PROMED 558.00 26 612.2 95 WES 3594 19/04/2024 16/04/2024 Ej. 5 07/10/2015 Libros PROMED 3ER AÑO. Sede Tordos.   2  

UNIVERSIDAD NACIONAL DEL COMAHUE
Biblioteca de la Facultad de Ciencias Médicas
Sede Toschi: Los Arrayanes y Av. Toschi, Cipolletti  - Rio Negro
Sede Los Tordos:  Yrigoyen al 2211, Cipolletti - Rio Negro 

Teléfono: 0299 - 4774707 int 25
Contacto: biblioteca@facimed.uncoma.edu.ar
© 2011 - 2026